000 00554 a2200193 4500
005 20240520113950.0
010 _aB-759109
020 _a9780143333371
_c299.00
035 _aB-759109
037 _bGift
082 _aS
100 _aBond, Ruskin
_966440
245 _aThe Room of Many Colours/
_cRuskin Bond
260 _aGurgaon
_bPenguin Books India Pvt. Ltd
_c2014
270 _a7th Floor Infinity Tower C,DLF Cyber City
_bGurgaon
_e122002
300 _a387 p.
_c19 cm(Pb)
942 _adpl
_cCH
_2ddc
_hS
_mBON
999 _c203001
_d203001